Việt Nam tiến bước cùng thời đại
में बचाया:
| मुख्य लेखक: | |
|---|---|
| स्वरूप: | पुस्तक |
| भाषा: | Vietnamese |
| प्रकाशित: |
H.
Giáo Dục
2009
|
| संस्करण: | Tái bản lần thứ nhất |
| विषय: | |
| टैग : |
टैग जोड़ें
कोई टैग नहीं, इस रिकॉर्ड को टैग करने वाले पहले व्यक्ति बनें!
|
| Thư viện lưu trữ: | Trung tâm Học liệu Lê Vũ Hùng, Trường Đại học Đồng Tháp |
|---|
| LEADER | 00876pam a22002778a 4500 | ||
|---|---|---|---|
| 001 | 00030208 | ||
| 005 | 20171026081022.0 | ||
| 008 | 121226s2009 ||||||viesd | ||
| 020 | |c 149600 | ||
| 041 | 0 | # | |a vie |
| 082 | 1 | 4 | |a 303.409 597 |b V308N |
| 100 | 1 | # | |a Vũ, Văn Hiền |
| 245 | 1 | 0 | |a Việt Nam tiến bước cùng thời đại |c Vũ Văn Tiến |
| 250 | # | # | |a Tái bản lần thứ nhất |b Có sửa chữa, bổ sung |
| 260 | # | # | |a H. |b Giáo Dục |c 2009 |
| 300 | # | # | |a 335 tr. |c 24 cm. |
| 653 | # | # | |a Chính trị |
| 653 | # | # | |a Xã hội |
| 653 | # | # | |a Việt Nam |
| 653 | # | # | |a Hội nhập |
| 653 | # | # | |a Kinh tế |
| 653 | # | # | |a Phát triển |
| 852 | # | # | |b Kho đọc |j KD.0009182 |
| 852 | # | # | |j KD.0009182 |
| 910 | |d 26/12/2012 | ||
| 980 | # | # | |a Trung tâm Học liệu Lê Vũ Hùng, Trường Đại học Đồng Tháp |